<?xml version="1.0" encoding="UTF-8"?><?xml-stylesheet type="text/xsl" href="static/style.xsl"?><OAI-PMH xmlns="http://www.openarchives.org/OAI/2.0/" xmlns:xsi="http://www.w3.org/2001/XMLSchema-instance" xsi:schemaLocation="http://www.openarchives.org/OAI/2.0/ http://www.openarchives.org/OAI/2.0/OAI-PMH.xsd"><responseDate>2026-04-13T13:43:58Z</responseDate><request verb="GetRecord" identifier="oai:www.recercat.cat:10459.1/466532" metadataPrefix="marc">https://recercat.cat/oai/request</request><GetRecord><record><header><identifier>oai:recercat.cat:10459.1/466532</identifier><datestamp>2025-07-22T18:14:24Z</datestamp><setSpec>com_2072_3622</setSpec><setSpec>col_2072_479130</setSpec></header><metadata><record xmlns="http://www.loc.gov/MARC21/slim" xmlns:dcterms="http://purl.org/dc/terms/" xmlns:xsi="http://www.w3.org/2001/XMLSchema-instance" xmlns:doc="http://www.lyncode.com/xoai" xsi:schemaLocation="http://www.loc.gov/MARC21/slim http://www.loc.gov/standards/marcxml/schema/MARC21slim.xsd">
   <leader>00925njm 22002777a 4500</leader>
   <datafield ind2=" " ind1=" " tag="042">
      <subfield code="a">dc</subfield>
   </datafield>
   <datafield ind2=" " ind1=" " tag="720">
      <subfield code="a">Codina-Pascual, Noemí</subfield>
      <subfield code="e">author</subfield>
   </datafield>
   <datafield ind2=" " ind1=" " tag="260">
      <subfield code="c">2024-09-18T07:52:31Z</subfield>
   </datafield>
   <datafield ind2=" " ind1=" " tag="260">
      <subfield code="c">2025-07-13T22:05:29Z</subfield>
   </datafield>
   <datafield ind2=" " ind1=" " tag="260">
      <subfield code="c">2024-07-12</subfield>
   </datafield>
   <datafield ind2=" " ind1=" " tag="520">
      <subfield code="a">La simplificació dels sistemes agrícoles i de les pràctiques de maneig redueix la resiliència dels agroecosistemes. Per reforçar-los, és fonamental implementar pràctiques sostenibles com la diversificació de cultius. En aquest context, Camelina sativa (L.) Crantz destaca per tenir una gran capacitat d’adaptació i un cert grau de tolerància a la sequera, a més de comptar amb un mercat creixent. La tesi analitza la viabilitat de la camelina a la vall de l’Ebre, centrant-se en l’adaptabilitat i capacitat de supressió de males herbes. Els assaigs demostren la capacitat del cultiu per emmotllar-se a cada maneig plantejat, determinant-se els requisits hídrics i tèrmics òptims per obtenir una productivitat mínima. Pel que fa al control de males herbes, la camelina mostra una eficàcia excel·lent atès al cicle de vida curt (80-212 dies), que permet: (1) endarreriments de la data de sembra amb una eficàcia de control de les emergències superior al 90 % de les males herbes, i (2) una collita primerenca que evita la completa maduració de les males herbes, limitant-ne la pluja de llavors.</subfield>
   </datafield>
   <datafield ind2=" " ind1=" " tag="520">
      <subfield code="a">La simplificación de los sistemas agrícolas y de las prácticas de manejo reduce la resiliencia de los agroecosistemas. Para reforzarlos, es fundamental implementar prácticas sostenibles, como la diversificación de cultivos. En este contexto, Camelina sativa (L.) Crantz destaca por su gran capacidad de adaptación y por su tolerancia a la sequía, además de poseer un mercado en crecimiento. La tesis analiza la viabilidad de la camelina en el valle del Ebro, centrándose en su adaptabilidad y capacidad de supresión de malas hierbas. Los ensayos demuestran la capacidad del cultivo para adaptarse a cada manejo planteado, determinando los requisitos hídricos y térmicos óptimos para obtener una productividad mínima. En cuanto al control de malas hierbas, la camelina muestra una eficacia excelente gracias a su corto ciclo de vida (80-212 días), que permite: (1) retrasar la fecha de siembra con una eficacia de control de emergencias superior al 90 % de las malas hierbas, y (2) una cosecha temprana que evita la completa maduración de las malas hierbas, limitando la lluvia de semillas.</subfield>
   </datafield>
   <datafield ind2=" " ind1=" " tag="520">
      <subfield code="a">The simplification of agricultural systems and management practices reduces the resilience of agroecosystems. To strengthen them, it is essential to implement sustainable practices such as crop diversification. In this context, Camelina sativa (L.) Crantz stands out due to its high adaptability and drought tolerance, as well as having a growing market. The thesis analyses the viability of camelina in the Ebro Basin, focusing on its adaptability and weed suppression capacity. The trials demonstrate the ability of the crop to adapt to each proposed management, determining the optimal hydric and thermal requirements for achieving minimal productivity. Regarding weed control, camelina shows excellent efficacy due to its short life cycle (80-212 days), which allows for: (1) delaying the sowing date with emergence weed control effectiveness of over 90 %, and (2) an early harvest that prevents the complete maturation of the weeds, limiting the seed rain.</subfield>
   </datafield>
   <datafield tag="653" ind2=" " ind1=" ">
      <subfield code="a">Rotació de cultius</subfield>
   </datafield>
   <datafield tag="653" ind2=" " ind1=" ">
      <subfield code="a">Cultiu tolerant a la sequera</subfield>
   </datafield>
   <datafield tag="653" ind2=" " ind1=" ">
      <subfield code="a">Competència cultiu-mala herba</subfield>
   </datafield>
   <datafield tag="653" ind2=" " ind1=" ">
      <subfield code="a">Rotación de cultivos</subfield>
   </datafield>
   <datafield tag="653" ind2=" " ind1=" ">
      <subfield code="a">Cultivo tolerante a la sequía</subfield>
   </datafield>
   <datafield tag="653" ind2=" " ind1=" ">
      <subfield code="a">Competencia cultivo-mala</subfield>
   </datafield>
   <datafield tag="653" ind2=" " ind1=" ">
      <subfield code="a">Crop rotation</subfield>
   </datafield>
   <datafield tag="653" ind2=" " ind1=" ">
      <subfield code="a">Drought-tolerant crop</subfield>
   </datafield>
   <datafield tag="653" ind2=" " ind1=" ">
      <subfield code="a">Crop-weed competition</subfield>
   </datafield>
   <datafield tag="653" ind2=" " ind1=" ">
      <subfield code="a">Producció Vegetal</subfield>
   </datafield>
   <datafield tag="653" ind2=" " ind1=" ">
      <subfield code="a">631</subfield>
   </datafield>
   <datafield ind2="0" ind1="0" tag="245">
      <subfield code="a">Camelina sativa (L.) Crantz: a relevant oilseed crop for integrated weed management in semiarid and semihumid Mediterranean cropping systems</subfield>
   </datafield>
</record></metadata></record></GetRecord></OAI-PMH>